Statistics for Немецкие слова в русском языке

Click here to take the quiz!

General Stats

  • This quiz has been taken 114 times
  • The average score is 7 of 10

Answer Stats

ОпределениеСлово% Correct
Резервуар для купания или принятия медицинских процедур.Ванна
83%
Специалист в области создания стиля человека с помощью причёски и парика.Парикмахер
83%
Полоса ткани, используемая для перевязки ран, наложения повязки, переплетения книг.Бинт
79%
Приспособление из гибкой пластмассы, надеваемое на зубы с целью защиты от спортивных травм.Капа
72%
Предмет женского нижнего белья, который прикрывает, поддерживает и приподнимает женскую грудь.Бюстгальтер
71%
Цилиндрик с поршнем и иглой для впрыскивания или отсасывания жидкостей.Шприц
64%
Деревянная или роговая лопаточка, употребляемая для растирания красок, для шпаклевания.Шпатель
62%
Предмет кухонной утвари с мелкими отверстиями для отцеживания жидкости.Дуршлаг
60%
Высшее шахматное звание.Гроссмейстер
58%
Тонкое сухое печенье с рельефными клеточками по поверхности.Вафля
54%

Score Distribution

Percentile by Number Answered

Percent of People with Each Score

Your Score History

You have not taken this quiz